| 000 | 01007nam a22003257a 4500 | ||
|---|---|---|---|
| 001 | BR6005235 | ||
| 003 | BR-BrBNA | ||
| 005 | 20230928083222.0 | ||
| 007 | ta | ||
| 008 | 230509b bl.||||| |||| 00| 0 por d | ||
| 040 |
_aBR-BrBNA _bpor _cBiblioteca Nacional de Agricultura |
||
| 041 | _a(Por) | ||
| 072 |
_aF25; P12 _b0140 _b/G514 _b/GZ74 |
||
| 090 | _ 0140 BR6005235 | ||
| 100 | 1 | _aVilela, H. | |
| 100 | 1 | _aMoreira, H.A. | |
| 100 | 1 | _aVeloso, J.A.F. | |
| 100 | 1 | _aPereira, C.S. | |
| 110 | 1 |
_aUniversidade Federal de Minas Gerais, Belo Horizonte (Brasil) _910835 |
|
| 245 | 1 |
_aAveia (Avena sativa)como forrageira de inverno, efeito de adubacao e irrigacao em solo de cerrado [Brasil] _bConvenio Nestle/UFMG |
|
| 260 | 3 |
_aBelo Horizonte, MG (Brasil): _c[nd]. |
|
| 300 | _a15 p. | ||
| 500 | _aPublished after 1966; 9 ref.; Summaries (Eng, Por) | ||
| 650 | _aCERRADO | ||
| 650 | _aIRRIGACAO | ||
| 650 | _aAVEIA | ||
| 650 | _aADUBACAO | ||
| 909 |
_a202309 _bLucia _c55 _dLucia Elande |
||
| 942 | _cBK | ||
| 999 |
_c12211 _d12211 |
||